书目信息 |
| 题名: |
多媒体技术与应用开发
|
|
| 作者: | 袁珏 , 孔璐 , 陈俊华 编著 | |
| 分册: | ||
| 出版信息: | 北京 国防工业出版社 2008.09 |
|
| 页数: | 326页 | |
| 开本: | 26cm | |
| 丛书名: | ||
| 单 册: | ||
| 中图分类: | TP371 | |
| 科图分类: | ||
| 主题词: | 多媒体技术--duo mei ti ji shu | |
| 电子资源: | ||
| ISBN: | 978-7-118-05940-3 | |
| 000 | 00905nam0 2200265 450 | |
| 001 | 012009381265 | |
| 005 | 20091011090039.39 | |
| 010 | @a978-7-118-05940-3@dCNY39.00 | |
| 100 | @a20091011d2008 em y0chiy0120 ea | |
| 101 | 0 | @achi |
| 102 | @aCN@b110000 | |
| 105 | @aa a 000yy | |
| 106 | @ar | |
| 200 | 1 | @a多媒体技术与应用开发@Aduo mei ti ji shu yu ying yong kai fa@f袁珏, 孔璐, 陈俊华编著@Fyuan jue,kong lu,chen jun hua bian zhu |
| 210 | @a北京@c国防工业出版社@d2008.09 | |
| 215 | @a326页@c图@d26cm | |
| 320 | @a有书目 (第326页) | |
| 330 | @a本书主要内容包括:多媒体计算机的结构体系,图形图像技术,动画处理技术,视频处理技术,音频处理技术等。 | |
| 606 | 0 | @a多媒体技术@Aduo mei ti ji shu |
| 690 | @aTP371@v4 | |
| 701 | 0 | @a袁珏@Ayuan jue@4编著 |
| 701 | 0 | @a孔璐@Akong lu@4编著 |
| 701 | 0 | @a陈俊华@Achen jun hua@4编著 |
| 801 | 0 | @aCN@bQSSK@c20091011 |
| 905 | @b761392-94@dTP371@eY891@f3 | |
| 多媒体技术与应用开发/袁珏, 孔璐, 陈俊华编著.-北京:国防工业出版社,2008.09 |
| 326页:图;26cm |
| ISBN 978-7-118-05940-3:CNY39.00 |
| 本书主要内容包括:多媒体计算机的结构体系,图形图像技术,动画处理技术,视频处理技术,音频处理技术等。 |
| ● |
| 相关链接 |
|
|
|
正题名:多媒体技术与应用开发
索取号:TP371/Y891
 
预约/预借
| 序号 | 登录号 | 条形码 | 馆藏地/架位号 | 状态 | 备注 |
| 1 | 761392 | 207613929 | 自科库301/301自科库 89排2列5层/ [索取号:TP371/Y891] | 在馆 | |
| 2 | 761393 | 207613938 | 自科库301/301自科库 94排2列1层/ [索取号:TP371/Y891] | 在馆 | |
| 3 | 761394 | 207613947 | 自科库301/301自科库 94排2列1层/ [索取号:TP371/Y891] | 在馆 |